00427nam a22001577a 4500003000500000005001700005008004100022020001800063040000600081082001700087100002200104245008400126260003200210300001500242650001200257CEME20210628202328.0210121b xxu||||| |||| 00| 0 eng d a0-07-141866-0 c. a641.8654 VAN aCleave, Jill .Van aBig, soft, chewy cookies more than 75 recipes for the best cookies in the world aNEW YORKbMCGRAW HILLc2003 aXIV, 158 P aCOOKIES